Vander's human physiology : (رقم التسجيلة. 14358)
[ عرض عادي ]
| 000 -الفاتح | |
|---|---|
| حقل البيانات ثابتة الطول | 01248cam a22003978a 4500 |
| 001 - رقم الضبط | |
| رقم الضبط | 8415637 |
| 003 - محدد رقم الضبط | |
| رقم الضبط | OSt |
| 005 - وقت وتاريخ اخر تعامل مع التسجيلة | |
| رقم الضبط | 20150408113919.0 |
| 008 - عناصر البيانات ثابتة الطول - معلومات عامة | |
| حقل البيانات ثابتة الطول | 100628s2010 nyua 000 0 eng |
| 015 ## - رقم الببليوجرافية الوطنية | |
| رقم الببليوجرافية الوطنية | GBB077831 |
| المصدر | bnb |
| 015 ## - رقم الببليوجرافية الوطنية | |
| رقم الببليوجرافية الوطنية | GBB077763 |
| المصدر | bnb |
| 016 7# - رقم ضبط الوكاله الوطنية للضبط الببليوجرافي | |
| رقم ضبط التسجيلة | 015588591 |
| المصدر | Uk |
| 016 7# - رقم ضبط الوكاله الوطنية للضبط الببليوجرافي | |
| رقم ضبط التسجيلة | 015588523 |
| المصدر | Uk |
| 020 ## - الرقم الدولى المعيارى للكتب | |
| الرقم الدولى المعيارى للكتاب | 9780077350017 (hbk.) |
| 020 ## - الرقم الدولى المعيارى للكتب | |
| الرقم الدولى المعيارى للكتاب | 0077350014 (hbk.) |
| 020 ## - الرقم الدولى المعيارى للكتب | |
| الرقم الدولى المعيارى للكتاب | 9780071222150 (pbk.) |
| 020 ## - الرقم الدولى المعيارى للكتب | |
| الرقم الدولى المعيارى للكتاب | 0071222154 (pbk.) |
| 035 ## - رقم ضبط النظام | |
| رقم ضبط النظام | (OCoLC)ocn645697222 |
| 035 ## - رقم ضبط النظام | |
| رقم ضبط النظام | (OCoLC)645697222 |
| 035 ## - رقم ضبط النظام | |
| رقم ضبط النظام | (NNC)8415637 |
| 040 ## - مصدر الفهرسة | |
| وكالة الفهرسة الأصلية | UKM |
| وكالة النسخ | UKM |
| وكالة التعديل | YDXCP |
| -- | NNC-M |
| 082 04 - رقم تصنيف ديوى العشرى | |
| رقم التصنيف | 612 |
| رقم الطبعة | 22 |
| رقم المادة | WEV |
| 100 1# - المدخل الرئيسى - إسم شخصى | |
| الإسم الشخصى | Widmaier, Eric P. |
| 9 (RLIN) | 4302 |
| 245 10 - بيان العنوان | |
| العنوان | Vander's human physiology : |
| بقية العنوان | the mechanisms of body function / |
| بيان المسئوليه,etc | Eric P. Widmaier, Hershel Raff, Kevin T. Strang. |
| 246 30 - العنوان الموازى | |
| عنوان صحيح/عنوان مختصر | Human physiology |
| 250 ## - بيان الطبعة | |
| بيان الطبعة | 12th ed. |
| 260 ## - PUBLICATION, DISTRIBUTION, ETC. (IMPRINT) | |
| مكان الناشر او الموزع | New York : |
| اسم الناشر او الموزع | McGraw-Hill Higher Education ; |
| مكان الناشر او الموزع | London : |
| اسم الناشر او الموزع | McGraw-Hill [distributor], |
| تاريخ النشر أو التوزيع | 2011. |
| 300 ## - الوصف المادى | |
| التعداد | xxvi, 686, [68] p. : |
| تفاصيل ماديه اخرى للوعاء | ill. en coul. ; |
| أبعاد الوعاء | 29 cm. |
| 650 #0 - المدخل الاضافى بالموضوع-مصطلح موضوعى | |
| مصطلح موضوعي أو اسم جغرافي كعنصر مدخل | Human physiology. |
| 9 (RLIN) | 4303 |
| 650 12 - المدخل الاضافى بالموضوع-مصطلح موضوعى | |
| مصطلح موضوعي أو اسم جغرافي كعنصر مدخل | Physiology. |
| 9 (RLIN) | 4304 |
| 700 1# - المدخل الاضافى - اسم شخصى | |
| الإسم الشخصى | Raff, Hershel, |
| التواريخ المصاحبة للاسم | 1953- |
| 9 (RLIN) | 4305 |
| 700 1# - المدخل الاضافى - اسم شخصى | |
| الإسم الشخصى | Strang, Kevin T. |
| 9 (RLIN) | 4306 |
| 700 1# - المدخل الاضافى - اسم شخصى | |
| الإسم الشخصى | Vander, Arthur J., |
| التواريخ المصاحبة للاسم | 1933- |
| 9 (RLIN) | 4307 |
| 942 ## - عناصر المدخل الإضافي( كوها) | |
| مصدر التصنيف او مخطط الترفيف | Dewey Decimal Classification |
| Koha [default] item type | DVD |
| حالة الفقد | نموذج السعر الفعال | حالة تلف | ليس للاعارة | رقم الطلب | تاريخ الاكتساب | الموقع الحالي | الباركود | الفرع الرئيسي | Date last seen | نوع المادة فى نظام كوها | مصدر التصنيف او خطة الترفيف | Total Checkouts | مصدر التزويد | Date last checked out | مُعار |
|---|---|---|---|---|---|---|---|---|---|---|---|---|---|---|---|
| 2013-11-03 | 612 WEV | 2013-11-03 | المكتبة المركزية بالمجمعة (CL) | 00404412 | المكتبة المركزية بالمجمعة (CL) | 2013-11-03 | كتاب | Dewey Decimal Classification | |||||||
| 2013-11-03 | 612 WEV | 2013-11-03 | المكتبة المركزية بالمجمعة (CL) | 00404413 | المكتبة المركزية بالمجمعة (CL) | 2016-02-07 | كتاب | Dewey Decimal Classification | 1 | 2015-10-08 | |||||
| 2013-11-03 | 612 WEV | 2013-11-03 | المكتبة المركزية بالمجمعة (CL) | 00404414 | المكتبة المركزية بالمجمعة (CL) | 2014-09-25 | كتاب | Dewey Decimal Classification | 1 | 2014-07-20 | |||||
| 2013-11-03 | 612 WEV | 2013-11-03 | المكتبة المركزية بالمجمعة (CL) | 00404415 | مكتبة مجمع الكليات بالزلفى - طلاب (SZM) | 2025-04-23 | كتاب | Dewey Decimal Classification | 1 | 2025-04-23 | 2025-05-24 | ||||
| 2013-03-10 | 612 WEV | 2011-09-11 | مكتبة مجمع الطالبات بالمجمعة (EMF) | 00101496 | مكتبة مجمع الطالبات بالمجمعة (EMF) | 2013-03-10 | كتاب | Dewey Decimal Classification | |||||||
| 2013-03-10 | 612 WEV | 2011-09-11 | مكتبة مجمع الطالبات بالمجمعة (EMF) | 00101497 | مكتبة مجمع الطالبات بالمجمعة (EMF) | 2013-03-10 | كتاب | Dewey Decimal Classification | |||||||
| 2013-03-10 | 612 WEV | 2011-11-30 | مكتبة مجمع الطالبات بالمجمعة (EMF) | 00101406 | مكتبة مجمع الطالبات بالمجمعة (EMF) | 2013-03-10 | كتاب | Dewey Decimal Classification | MU | ||||||
| 2013-03-10 | 612 WEV | 2011-11-30 | مكتبة مجمع الطالبات بالمجمعة (EMF) | 00101405 | مكتبة مجمع الطالبات بالمجمعة (EMF) | 2017-03-12 | كتاب | Dewey Decimal Classification | 1 | MU | 2017-02-20 | ||||
| 2013-11-03 | 612 WEV | 2013-11-03 | مكتبة مجمع الكليات بالزلفى - طلاب (SZM) | 00404416 | مكتبة مجمع الكليات بالزلفى - طلاب (SZM) | 2013-11-03 | كتاب | Dewey Decimal Classification |
